000 00944nam0a22002531 4500
001 rc\634395
005 20031121164517.9
035 _a(NLR Aleph) 005876334
090 _a6031683
_c6031683
100 _a20031121d1986 u |0rusy50 ca
101 0 _arus
102 _aRU
105 _aa |||||||||
200 1 _aМеханика гетерогенных сред
_eМежвуз. темат. сб.
_fЯросл. гос. пед. ин-т им. К.Д. Ушинского
_g[Редкол.: С.В. Турунтаев (отв. ред.) и др.]
210 _aЯрославль
_cЯГПИ
_d1986
215 _a115 с.
_cил.
_d20
320 _aБиблиогр. в конце ст.
702 1 _aТурунтаев
_bС. В.
_4340
712 0 2 _aЯрославский пед. ин-т им. К.Д.Ушинского
_3RU\NLR\AUTH\8815513
801 0 _aRU
_bNLR
_gpsbo
801 1 _aRU
_bELAR
_2rusmarc
852 _aNLR
_j87-3/1386
942 _cBOOK
980 _aNB